000
00322nam a2200133Ia 4500
005
20260328101529.0
008
260328s9999||||xx |||||||||||||| ||und||
100
_a
Ur
245
0
_a
Urbanisme et Habitation /
_c
Ur
260
_b
Presses Universitaires de France
300
_a
319 p.
650
_a
DISEÑO URBANO
942
_c
BK
999
_c
9902
_d
9902